El palacio y la calle : crónicas de insurgentes y conspiradores /

Guardado en:
Autor Principal: Bonasso, Miguel
Formato: Libro
Publicado: Buenos Aires : Planeta, 2002
Series:Espejo de la Argentina
Materias:
Etiquetas: Agregar Etiqueta
Sin Etiquetas, Sea el primero en etiquetar este registro!
LEADER 00696nam a22002175a 4500
001 CEM.cems012258
005 20060906082044.0
008 130507s2002##################000#0#####d
003 CEMS
020 |a 9504910033 
082 0 4 |a 320.982 
100 1 |a Bonasso, Miguel 
245 1 0 |a El palacio y la calle :  |b crónicas de insurgentes y conspiradores /  |c Miguel Bonasso 
260 |a Buenos Aires :  |b Planeta,  |c 2002 
300 |a 336 p. 
490 0 |a Espejo de la Argentina 
653 |a Conflictos sociales - argentina 
653 |a Pobreza argentina 
653 |a Sociología argentina 
653 |a Formación ética y ciudadana argentina 
859 |a CEMS  |b BIB. CEMS - 11 de abril  |h 320.982  |i B65  |p 23170.05  |t Ej.1